|
|
|
|
| LEADER |
00000nam a2200000 a 4500 |
| 001 |
vtls001327309 |
| 003 |
SK-MaSNL |
| 005 |
20260301200344.0 |
| 008 |
240318s1988 xr 0 cze |
| 035 |
|
|
|a SNK000280105
|
| 040 |
|
|
|a SNK
|b slo
|c SNK
|e AACR2
|
| 041 |
0 |
|
|a cze
|
| 044 |
|
|
|a CZ
|
| 080 |
|
|
|a 061.5:633.521(437.194)"1953/1988"
|2 1981
|
| 100 |
1 |
|
|a Binder, Miroslav
|4 aut
|9 289474
|
| 245 |
1 |
0 |
|a 35 let Českomoravského lnu, n.p. Humpolec
|c Miroslav Binder, Josef Svoboda
|
| 260 |
|
|
|a Praha
|b SZN
|c 1988
|
| 300 |
|
|
|a 80 s.
|c 8°
|
| 610 |
0 |
7 |
|a Českomoravský len
|a n. p., Humpolec, Česká republika
|x dejiny
|y 1953-1988
|2 SNK
|9 579416
|
| 611 |
1 |
7 |
|a Českomoravský len
|a n. p., Humpolec, Česká republika
|x dejiny
|y 1953-1988
|2 SNK
|9 579417
|
| 700 |
1 |
|
|a Svoboda, Josef
|4 aut
|9 290802
|
| 958 |
|
|
|a RK
|
| 958 |
|
|
|a OND
|
| 999 |
|
|
|c 890106
|d 892036
|
| 952 |
|
|
|t P60, <04>, [BOOK], {604}
|a SNK
|b SNK
|y VYP
|7 0
|o snkIC 110429
|i snkKIP 299/89
|0 0
|1 0
|4 0
|d 1998-04-08
|l 0
|r 2005-01-02 00:00:00
|w 2026-02-24
|
| 952 |
|
|
|t P60, <04>, [BOOK], {604}
|a SNK
|b SNK
|y VYP
|7 0
|o snkIC 110429 D1
|i snkKIP 300/89
|0 0
|1 0
|4 0
|d 1998-04-08
|l 0
|r 2005-01-02 00:00:00
|w 2026-02-24
|